| 000 | 00421nam a2200133Ia 4500 | ||
|---|---|---|---|
| 008 | 200226s9999 xx 000 0 und d | ||
| 020 | _a978-1-63549-574-4 | ||
| 245 |
_cEdited by: Malachi Adams.-- _aMass and media communication / |
||
| 260 |
_aNew York : _bLarsen & Keller _c2017 |
||
| 300 |
_a269 pages : _bcolor illustration ; _c27 cm. |
||
| 500 | _aIncludes indexes. | ||
| 650 | _aCommunication. | ||
| 650 | _aMass media. | ||
| 999 |
_c362963 _d362963 |
||